The flight of the falcon, (Record no. 233633)

000 -LEADER
fixed length control field 00681cam a22002171i 4500
001 - CONTROL NUMBER
control field 7053669
003 - CONTROL NUMBER IDENTIFIER
control field Nust
005 - DATE AND TIME OF LATEST TRANSACTION
control field 20170309122234.0
008 - FIXED-LENGTH DATA ELEMENTS--GENERAL INFORMATION
fixed length control field 810408s1965 enk 000 1 eng
010 ## - LIBRARY OF CONGRESS CONTROL NUMBER
LC control number 65001424
015 ## - NATIONAL BIBLIOGRAPHY NUMBER
National bibliography number GB65-1241
020 ## - INTERNATIONAL STANDARD BOOK NUMBER
International Standard Book Number 9781844080700
035 ## - SYSTEM CONTROL NUMBER
System control number (OCoLC)7317567
040 ## - CATALOGING SOURCE
Original cataloging agency DLC
Transcribing agency MBAt
Modifying agency OCoLC
-- Uk
-- DLC
050 00 - LIBRARY OF CONGRESS CALL NUMBER
Classification number PZ3.D8916
Item number Fl
Classification number PR6007.U47
082 ## - DEWEY DECIMAL CLASSIFICATION NUMBER
Classification number 823.912
Author Mark MAU
100 1# - MAIN ENTRY--PERSONAL NAME
Personal name Du Maurier, Daphne,
Dates associated with a name 1907-1989.
245 14 - TITLE STATEMENT
Title The flight of the falcon,
Statement of responsibility, etc. by Daphne Du Maurier.
260 ## - PUBLICATION, DISTRIBUTION, ETC.
Place of publication, distribution, etc. London,
Name of publisher, distributor, etc. V. Gollancz,
Date of publication, distribution, etc. 1965.
300 ## - PHYSICAL DESCRIPTION
Extent 304 p.
Dimensions 21 cm.
650 ## - SUBJECT ADDED ENTRY--TOPICAL TERM
Topical term or geographic name entry element City and town life
Form subdivision Fiction
906 ## - LOCAL DATA ELEMENT F, LDF (RLIN)
a 7
b cbc
c oclcrpl
d u
e ncip
f 19
g y-gencatlg
942 ## - ADDED ENTRY ELEMENTS (KOHA)
Source of classification or shelving scheme
Koha item type Book
Holdings
Withdrawn status Lost status Source of classification or shelving scheme Damaged status Not for loan Collection code Permanent Location Current Location Shelving location Date acquired Total Checkouts Full call number Barcode Date last seen Copy number Price effective from Koha item type
            Central Library (CL) Central Library (CL) Fiction 03/09/2017   823.912 MAU CL298 03/09/2017 1 03/09/2017 Book
© 2023 Central Library, National University of Sciences and Technology. All Rights Reserved.